The best of O. Henry. (Record no. 232575)
[ view plain ]
| 000 -LEADER | |
|---|---|
| fixed length control field | 00921cam a2200265 i 4500 |
| 001 - CONTROL NUMBER | |
| control field | 2264176 |
| 003 - CONTROL NUMBER IDENTIFIER | |
| control field | Nust |
| 005 - DATE AND TIME OF LATEST TRANSACTION | |
| control field | 20170221100120.0 |
| 008 - FIXED-LENGTH DATA ELEMENTS--GENERAL INFORMATION | |
| fixed length control field | 780710r1978 pau 000 1 eng |
| 010 ## - LIBRARY OF CONGRESS CONTROL NUMBER | |
| LC control number | 78014841 |
| 020 ## - INTERNATIONAL STANDARD BOOK NUMBER | |
| International Standard Book Number | 9788130402963 |
| Terms of availability | $9.80 |
| 040 ## - CATALOGING SOURCE | |
| Original cataloging agency | DLC |
| Transcribing agency | DLC |
| Modifying agency | DLC |
| 042 ## - AUTHENTICATION CODE | |
| Authentication code | lcac |
| 050 00 - LIBRARY OF CONGRESS CALL NUMBER | |
| Classification number | PZ3.P835 |
| Item number | Bc 1978 |
| Classification number | PS2649.P5 |
| 082 00 - DEWEY DECIMAL CLASSIFICATION NUMBER | |
| Classification number | 813.52 |
| Author Mark | HEN |
| 100 1# - MAIN ENTRY--PERSONAL NAME | |
| Personal name | Henry, O., |
| Dates associated with a name | 1862-1910. |
| 245 14 - TITLE STATEMENT | |
| Title | The best of O. Henry. |
| 260 ## - PUBLICATION, DISTRIBUTION, ETC. | |
| Place of publication, distribution, etc. | Philadelphia : |
| Name of publisher, distributor, etc. | Running Press, |
| Date of publication, distribution, etc. | 1978. |
| 300 ## - PHYSICAL DESCRIPTION | |
| Extent | v1,v2 p. |
| Dimensions | 26 cm. |
| 520 ## - SUMMARY, ETC. | |
| Summary, etc. | A collection of twenty-six short stories, all but one of which originally appeared in the "New York World" |
| 650 #1 - SUBJECT ADDED ENTRY--TOPICAL TERM | |
| Topical term or geographic name entry element | Short stories. |
| 651 #0 - SUBJECT ADDED ENTRY--GEOGRAPHIC NAME | |
| Geographic name | New York (N.Y.) |
| General subdivision | Social life and customs |
| -- | Fiction. |
| 906 ## - LOCAL DATA ELEMENT F, LDF (RLIN) | |
| a | 7 |
| b | cbc |
| c | orignew |
| d | 1 |
| e | ocip |
| f | 19 |
| g | y-gencatlg |
| 942 ## - ADDED ENTRY ELEMENTS (KOHA) | |
| Source of classification or shelving scheme | |
| Koha item type | Book |
| Withdrawn status | Lost status | Source of classification or shelving scheme | Damaged status | Not for loan | Permanent Location | Current Location | Shelving location | Date acquired | Serial Enumeration / chronology | Total Checkouts | Full call number | Barcode | Checked out | Date last seen | Date last checked out | Price effective from | Koha item type |
|---|---|---|---|---|---|---|---|---|---|---|---|---|---|---|---|---|---|
| Central Library (CL) | Central Library (CL) | Fiction | 02/21/2017 | Vol.1 | 1 | 813.52 HEN | CL1398 | 07/29/2021 | 06/29/2021 | 06/29/2021 | 02/21/2017 | Book | |||||
| Central Library (CL) | Central Library (CL) | Fiction | 02/21/2017 | Vol.2 | 813.52 HEN | CL1727 | 02/21/2017 | 02/21/2017 | Book |
